| 000 | 00531nam a2200133Ia 4500 | ||
|---|---|---|---|
| 008 | 170516s9999 xx 000 0 und d | ||
| 245 | 2 | _aA Practical Approach for a Wide Range of Liver Iron Quantitation Using a Magnetic Resonance Imaging Technique, Ping Hou, Uday R. Popat, Richard J. Lindsay, Edward F. Jackson, and Haesun Choi | |
| 260 | _bRadiology Research and Practice | ||
| 260 | _c2012 | ||
| 300 | _a: | ||
| 650 | _xRadiologic Technology | ||
| 650 | _xRadtech | ||
| 856 | _uhttps://www.hindawi.com/journals/rrp/contents/3/ | ||
| 999 |
_c332108 _d332108 |
||